Category Elimination: Given Names #1 - Statistics

General Stats
  • This quiz has been taken 53 times
    45 since last reset
  • The average score is 15 of 20
Answer Stats
Hint Answer % Correct
Girls' names starting with the letter V
100%
... ending in the letter A
97%
First names of British Kings and Queens
95%
... shared by at least 2 monarchs
92%
... with 4 or more syllables
90%
... with more than one syllable
90%
Names in the USA Top 20 for the 1980s
90%
... which are female names
87%
... which are male names
85%
... containing the letter Z Elizabeth
85%
... found in the Bible
82%
... which start with the letter J
79%
Names of singers who go by one name
79%
... which was their first name at birth
72%
... which are well-known place names
64%
... and is the name of a U.S. state Virginia
59%
... and is in the second half of the alphabet
51%
... and end with a vowel Joshua
31%
... which is a common English word
21%
... and is the name of an animal Seal
8%
No matching quizzes found
Score Distribution
Percent of People with Each Score
Percentile by Number Answered
Your Score History
You have not taken this quiz since the last reset